| 000 | 00322 a2200121 4500 | ||
|---|---|---|---|
| 005 | 20250628175743.0 | ||
| 020 | _a9966-28-299-8 | ||
| 100 | _aSALEEMI N | ||
| 245 | _aTaxation Simplified: Revised and Updated | ||
| 260 |
_aNairobi _bSaleemi Publication LTD _c2014 |
||
| 300 |
_a478p.;table _bAppenix _c20cm |
||
| 942 |
_2ddc _cBKS |
||
| 999 |
_c6149 _d6149 |
||